Advances in hydroscience

Đã lưu trong:
书目详细资料
主要作者: Ven Te Chou
格式: 图书
语言:Undetermined
出版: New York Academic 1966
主题:
标签: 添加标签
没有标签, 成为第一个标记此记录!
Thư viện lưu trữ: Trung tâm Học liệu Trường Đại học Cần Thơ
LEADER 00459nam a2200181Ia 4500
001 CTU_20048
008 210402s9999 xx 000 0 und d
082 |a 532 
082 |b C552 
100 |a Ven Te Chou 
245 0 |a Advances in hydroscience 
245 0 |c Ven Te Chou 
260 |a New York 
260 |b Academic 
260 |c 1966 
650 |a hydroscience,physics 
904 |i Minh, 971208 
980 |a Trung tâm Học liệu Trường Đại học Cần Thơ